| 000 | 00349cam a2200145ua 4500 | ||
|---|---|---|---|
| 041 |
_aeng _h |
||
| 082 |
_a823.308 _bWIL/PI |
||
| 100 | _aWilde, Oscar . | ||
| 245 |
_aPicture of Dorian Gray / _cOscar Wilde. _hTextual Documents |
||
| 260 |
_aNew York : _bBook INC , _c1945. |
||
| 300 | _a220 ; . | ||
| 504 | _a | ||
| 942 | _cBK | ||
| 999 |
_c5149 _d5149 |
||